000 01047nam a2200337 i 4500
001 bg
003 BPK
005 20200513111711.0
008 000824s2000 pl a f f |000 0 pol
015 _aPB 2001/2326
020 _a8372071497
040 _aWA N
_cBPK
041 0 _apol
080 _a621.391
080 _a004.04
080 _a004.057.6
080 _a517.9
080 _a519.21
080 _a(075.8)
245 0 0 _aCyfrowe przetwarzanie sygnałów :
_bćwiczenia laboratoryjne : [praca zbiorowa /
_cpod red. Andrzeja Wojtkiewicza] ; Zbigniew Gajo [et al.].
260 _aWarszawa :
_bOficyna Wydawnicza Politechniki Warszawskiej,
_c2000.
300 _a254, [1] s. :
_bil. ;
_c24 cm.
504 _aBibliogr. przy rozdz.
655 4 _aPodręczniki akademickie
650 4 _aPrzetwarzanie danych
650 4 _aFiltracja cyfrowa
700 1 _aGajo, Zbigniew.
700 1 _aWojtkiewicz, Andrzej.
_eRed.
710 2 _aPolitechnika Warszawska.
_bOficyna Wydawnicza.
_4pbl.
942 _2UKD
_cKS
999 _c38145
_d38145